| 000 | 00648nam a22001937a 4500 | ||
|---|---|---|---|
| 003 | OSt | ||
| 005 | 20250807081458.0 | ||
| 008 | 240522b |||||||| |||| 00| 0 eng d | ||
| 020 | _a9786210427929 | ||
| 040 |
_aDWC- Main lib. _cOC |
||
| 082 | _aFil. 336.24 D346l 2022 | ||
| 100 | _aDe Leon, Hector S | ||
| 245 |
_aThe law on income taxation / _cHector S. De Leon |
||
| 250 | _aSixteenth Edition | ||
| 260 |
_aSampaloc Manila, Philippines : _bRex Bookstore, _cc2022. |
||
| 300 |
_axxii, illustrations : _b600pages ; 23cm. _c23cm. |
||
| 650 | _a1. Income tax - law and legislation --- Philippines. | ||
| 942 |
_2ddc _cBK - FIL _kFil. _n0 _eSixteenth Edition |
||
| 999 |
_c45 _d45 |
||